Statistics for U.S. State Superlatives #1

Click here to take the quiz!

General Stats

  • This quiz has been taken 44,103 times
    (19,153 since last reset)
  • The average score is 10 of 24

Answer Stats

Category#1 State% Correct
Lowest average temperatureAlaska
96%
Most international visitorsNew York
92%
Highest % of people age 65+Florida
70%
Earliest date of statehoodDelaware
68%
Most executions since 1976Texas
64%
Most tornadoesTexas
62%
Busiest airportGeorgia
58%
Most crop productionCalifornia
57%
Most Starbucks per capitaWashington
51%
Highest population densityNew Jersey
48%
Lowest average alcohol consumptionUtah
45%
Most active volcanoesAlaska
38%
Most wild bearsAlaska
36%
Highest % of Asian-AmericansHawaii
34%
Most cowsTexas
32%
Most natural disaster deaths
since 2000
Louisiana
29%
Highest % of land owned by the
federal government
Nevada
28%
Most bald eaglesAlaska
26%
Most registered corporationsDelaware
25%
Highest % of CatholicsRhode Island
24%
Most horsesTexas
23%
Highest rate of homelessnessHawaii
20%
Highest median home priceHawaii
15%
Youngest average ageUtah
9%

Score Distribution

Percentile by Number Answered

Percent of People with Each Score

Your Score History

You have not taken this quiz since the last reset